Black Flags - Sudden Death - Statistics

General Stats
  • This quiz has been taken 2,292 times
  • The average score is 12 of 20
Answers on the Grid
Answers color-coded by a green-red scale on the quiz's grid according to % correct below.
Angola
Armenia
Austria
Bahamas
Bangladesh
Belgium
Benin
Brunei
Bulgaria
Chad
Denmark
Egypt
Ethiopia
France
Georgia
Germany
Guinea
Honduras
Indonesia
Iraq
Ireland
Jamaica
Japan
Jordan
Kenya
Laos
Liberia
Malawi
Mali
Mozambique
Nigeria
Papua New Guinea
Qatar
Saint Kitts and Nevis
Saint Lucia
Saudi Arabia
Seychelles
Singapore
Somalia
South Africa
Sudan
Suriname
Sweden
Togo
Trinidad and Tobago
Turkey
U.A.E.
Uganda
 
Answer Stats
Answer % Correct
Angola
85%
Belgium
81%
Germany
78%
Egypt
77%
Jamaica
68%
Kenya
66%
Iraq
64%
Jordan
63%
U.A.E.
62%
South Africa
61%
Papua New Guinea
59%
Bahamas
55%
Trinidad and Tobago
55%
Malawi
52%
Mozambique
52%
Sudan
52%
Uganda
52%
Brunei
50%
Saint Kitts and Nevis
44%
Saint Lucia
39%
No matching quizzes found
Score Distribution
Percent of People with Each Score
Percentile by Number Answered
Your Score History
You have not taken this quiz